The elements of sociology ; a text-book for colleges and schools /

Bibliographic Details
Main Author: Giddings, Franklin Henry, 1855-1931
Format: Book
Language:English
Published: New York : London : The Macmillan company; Macmillan & co., ltd., 1898.
Subjects:

MARC

Tag First Indicator Second Indicator Subfields
LEADER 00000cam a2200000 4500
001 in00000062442
005 20151007082928.0
008 720302s1898 nyu b 00000 eng
010 |a  98000871  
035 |a (OCoLC)00254598 
035 |9 AAF8603AM 
040 |a DLC  |c WSU  |d TXA  |d UtOrBLW 
049 |a TXAM  |c [4670] 
050 0 |a HM66  |b .G4 
092 |a 301  |b G453e 
100 1 |a Giddings, Franklin Henry,  |d 1855-1931. 
245 1 4 |a The elements of sociology ;  |b a text-book for colleges and schools /  |c by Franklin Henry Giddings ... 
264 1 |a New York :  |b The Macmillan company;  |a London :  |b Macmillan & co., ltd.,  |c 1898. 
300 |a 353 pages 
336 |a text  |b txt  |2 rdacontent 
337 |a unmediated  |b n  |2 rdamedia 
338 |a volume  |b nc  |2 rdacarrier 
504 |a Bibliography for "Parallel study" at end of each chapter. 
650 0 |a Sociology. 
999 |a MARS 
999 f f |s 12e63eeb-58d3-3c3a-88ce-8be6015a7f81  |i 4b91a0a2-0b65-3027-924a-fd504e8aa6d6  |t 0 
952 f f |p normal  |a Texas A&M University  |b College Station  |c Sterling C. Evans Library  |d Evans: Library Stacks  |t 0  |e HM66 .G4  |h Library of Congress classification  |i unmediated -- volume  |m A14800632121 
998 f f |a HM66 .G4  |t 0  |l Evans: Library Stacks